000 00701nam a2200253Ia 4500
003 OSt
005 20220918220540.0
006 a|||||r|||| 00| 0
007 ta
008 220917b |||||||| |||| 00| 0 eng d
024 _a146,378
037 _cTextual
040 _aARTS
_cARTS
_beng
041 _2eng
_aeng
082 _aYZ, L8
100 _aBrager George
_9137764
245 0 _aChanging human service organisation politics and practice
260 _aNew York
_bFree Press
_c1978
300 _axi, 244p. illus
_ccm.
650 _aSOCIOLOGY
700 _a Holloway Stephen
_9137765
942 _hYZ, L8
_cTEXL
_2CC
999 _c269134
_d269134